| 000 | 00788cam a2200229 a 4500 | ||
|---|---|---|---|
| 001 | 3981691 | ||
| 005 | 20180307080750.0 | ||
| 008 | 951213s1996 nyua b 001 0 eng | ||
| 010 | _a 95052250 | ||
| 020 | _a0471577790 (acidfree paper) | ||
| 040 |
_aDLC _cDLC _dDLC |
||
| 041 | _aeng | ||
| 080 | _a658.4/04 kev | ||
| 082 | 0 | 0 |
_a658.4/04 kev _220 |
| 100 | 1 | _a54 | |
| 101 | _aman | ||
| 245 | 1 | 0 |
_aVisualizing project management / _cKevin Forsberg, Hal Mooz, and Howard Cotterman ; foreword by Norman R. Augustine. |
| 504 | _aIncludes bibliographical references (p. 287-290) and index. | ||
| 906 |
_a7 _bcbc _corignew _d1 _eocip _f19 _gy-gencatlg |
||
| 942 |
_2ddc _cBK |
||
| 999 |
_c44320 _d44320 |
||